Cuatro lados cuatro caras : (Registro nro. 6919)
[ vista simple ]
| 000 -LEADER | |
|---|---|
| fixed length control field | 01127nam a22002897a 4500 |
| 003 - CONTROL NUMBER IDENTIFIER | |
| control field | OSt |
| 005 - DATE AND TIME OF LATEST TRANSACTION | |
| control field | 20250801112257.0 |
| 008 - FIXED-LENGTH DATA ELEMENTS--GENERAL INFORMATION | |
| fixed length control field | 201015s2011 ck ||||gr|||| 00| jdspa d |
| 020 ## - INTERNATIONAL STANDARD BOOK NUMBER | |
| International Standard Book Number | 9789584488251 |
| 040 ## - CATALOGING SOURCE | |
| Original cataloging agency | CO-JMCR |
| Transcribing agency | CO-JMCR |
| 041 0# - LANGUAGE CODE | |
| Language code of text/sound track or separate title | spa |
| 082 04 - DEWEY DECIMAL CLASSIFICATION NUMBER | |
| Classification number | A-C |
| Item number | MEJc |
| Edition number | 23 |
| 100 1# - MAIN ENTRY--PERSONAL NAME | |
| Personal name | Mejía, Geraldine, |
| Relator term | autora |
| 9 (RLIN) | 11545 |
| 245 10 - TITLE STATEMENT | |
| Title | Cuatro lados cuatro caras : |
| Remainder of title | antología de cuentos / |
| Statement of responsibility, etc. | Geraldine Mejía, Hilda Lubo, Selene Romero y [1 más] |
| 250 ## - EDITION STATEMENT | |
| Edition statement | Primera edición |
| 260 ## - PUBLICATION, DISTRIBUTION, ETC. | |
| Place of publication, distribution, etc. | Medellín : |
| Name of publisher, distributor, etc. | Editorial Lealon, |
| Date of publication, distribution, etc. | 2011 |
| 300 ## - PHYSICAL DESCRIPTION | |
| Extent | 169 páginas ; |
| Dimensions | 22 cm. |
| 500 ## - GENERAL NOTE | |
| General note | Incluye datos biográficos de las autoras en solapas. |
| 505 0# - FORMATTED CONTENTS NOTE | |
| Title | Letras en el agua / |
| Statement of responsibility | Geraldine de Maiko |
| Title | Laberintos de tierra / |
| Statement of responsibility | Hilda Doll Yandrú / |
| Title | Sombras del aire / |
| Statement of responsibility | Selene Romzú |
| Title | Fuego de calma / |
| Statement of responsibility | Neilys Manuela Gómez Ibarra |
| 650 14 - SUBJECT ADDED ENTRY--TOPICAL TERM | |
| Topical term or geographic name entry element | Cuentos colombianos |
| General subdivision | colecciones |
| 9 (RLIN) | 11546 |
| 650 24 - SUBJECT ADDED ENTRY--TOPICAL TERM | |
| Topical term or geographic name entry element | Agua |
| Form subdivision | cuentos |
| 9 (RLIN) | 11547 |
| 650 24 - SUBJECT ADDED ENTRY--TOPICAL TERM | |
| Topical term or geographic name entry element | Tierra (Planeta) |
| Form subdivision | cuentos |
| 9 (RLIN) | 11548 |
| 650 24 - SUBJECT ADDED ENTRY--TOPICAL TERM | |
| Topical term or geographic name entry element | Amor |
| Form subdivision | cuentos |
| 9 (RLIN) | 11549 |
| 700 1# - ADDED ENTRY--PERSONAL NAME | |
| Personal name | Lubo, Hilda, |
| Relator term | autora |
| 9 (RLIN) | 11550 |
| 700 1# - ADDED ENTRY--PERSONAL NAME | |
| Personal name | Romero, Selene, |
| Relator term | autora |
| 9 (RLIN) | 11551 |
| 942 ## - ADDED ENTRY ELEMENTS (KOHA) | |
| Source of classification or shelving scheme | Dewey Decimal Classification |
| Koha item type | Books |
| Withdrawn status | Lost status | Source of classification or shelving scheme | Damaged status | Not for loan | Collection code | Home library | Current library | Date acquired | Source of acquisition | Full call number | Barcode | Date last seen | Copy number | Price effective from | Koha item type |
|---|---|---|---|---|---|---|---|---|---|---|---|---|---|---|---|
| Dewey Decimal Classification | Fiction | Biblioteca Pública José María del Castillo y Rada | Biblioteca Pública José María del Castillo y Rada | 04/15/2018 | Donación | A-C MEJc | 201810078 | 10/15/2020 | Ej.1 | 10/15/2020 | Books |